00349nam a2200145Ia 45000030006000000080041000060400015000471000024000622450022000862500006001082600052001143000006001665460014001720050017001860STCL150530s9999 xx 000 0 und d aSTCLcSTCL aSreedhara Menon, A. aKerala Charithram a3 bSahithya Pravarthaka Co Operative Societyc1974 a0 aMalayalam20220125171825.0